书目信息 |
| 题名: |
道路交通实战案例
|
|
| 作者: | 翟忠民 , 景东升 , 陆化普 编著 | |
| 分册: | ||
| 出版信息: | 北京 人民交通出版社 2007.01 |
|
| 页数: | 466页 | |
| 开本: | 26cm | |
| 丛书名: | ||
| 单 册: | ||
| 中图分类: | U491 | |
| 科图分类: | ||
| 主题词: | 公路运输--gong lu yun shu--交通运输管理--案例--分析 | |
| 电子资源: | ||
| ISBN: | 978-7-114-06225-4 | |
| 000 | 00968nam0 2200265 450 | |
| 001 | 012008542852 | |
| 005 | 20080107152703.39 | |
| 010 | @a978-7-114-06225-4@dCNY78.00 | |
| 100 | @a20080107d2007 em y0chiy0120 ea | |
| 101 | 0 | @achi |
| 102 | @aCN@b110000 | |
| 105 | @aa a 000yy | |
| 106 | @ar | |
| 200 | 1 | @a道路交通实战案例@Adao lu jiao tong shi zhan an li@f翟忠民, 景东升, 陆化普编著@Fzhai zhong min,jing dong sheng,lu hua pu bian zhu |
| 210 | @a北京@c人民交通出版社@d2007.01 | |
| 215 | @a466页@c图@d26cm | |
| 320 | @a有书目 (第466页)。 | |
| 330 | @a本书以丰富的管理实战经验结合详实的案例分析,系统地介绍了道路交通管理的有关理论、方法与措施,内容主要涉及道路交通组织优化等。 | |
| 606 | 0 | @a公路运输@Agong lu yun shu@x交通运输管理@x案例@x分析 |
| 690 | @aU491@v4 | |
| 701 | 0 | @a翟忠民@Azhai zhong min@4编著 |
| 701 | 0 | @a景东升@Ajing dong sheng@4编著 |
| 701 | 0 | @a陆化普@Alu hua pu@4编著 |
| 801 | 0 | @aCN@bQSSK@c20080107 |
| 905 | @b275781@dU491@eZ048@f1 | |
| 道路交通实战案例/翟忠民, 景东升, 陆化普编著.-北京:人民交通出版社,2007.01 |
| 466页:图;26cm |
| ISBN 978-7-114-06225-4:CNY78.00 |
| 本书以丰富的管理实战经验结合详实的案例分析,系统地介绍了道路交通管理的有关理论、方法与措施,内容主要涉及道路交通组织优化等。 |
| ● |
| 相关链接 |
|
|
|
正题名:道路交通实战案例
索取号:U491/Z048
 
预约/预借
| 序号 | 登录号 | 条形码 | 馆藏地/架位号 | 状态 | 备注 |
| 1 | 275781 | 202757819 | 自科库501/501自科库 58排1列3层/ [索取号:U491/Z048] | 在馆 |